<?xml version="1.0" encoding="UTF-8"?>
<record
    xmlns:xsi="http://www.w3.org/2001/XMLSchema-instance"
    xsi:schemaLocation="http://www.loc.gov/MARC21/slim http://www.loc.gov/standards/marcxml/schema/MARC21slim.xsd"
    xmlns="http://www.loc.gov/MARC21/slim">

  <leader>00949cam a22002891a 4500</leader>
  <controlfield tag="001">he 66000835 </controlfield>
  <controlfield tag="003">DLC</controlfield>
  <controlfield tag="005">20260227111438.0</controlfield>
  <controlfield tag="008">840424s1965    is            000 0 hebr </controlfield>
  <datafield tag="010" ind1=" " ind2=" ">
    <subfield code="a">he 66000835 </subfield>
  </datafield>
  <datafield tag="035" ind1=" " ind2=" ">
    <subfield code="a">(OCoLC)19138377</subfield>
  </datafield>
  <datafield tag="040" ind1=" " ind2=" ">
    <subfield code="a">DLC</subfield>
    <subfield code="c">MH</subfield>
    <subfield code="d">OU</subfield>
    <subfield code="d">DLC</subfield>
  </datafield>
  <datafield tag="042" ind1=" " ind2=" ">
    <subfield code="a">premarc</subfield>
  </datafield>
  <datafield tag="050" ind1="0" ind2="0">
    <subfield code="a">PJ5054.S59</subfield>
    <subfield code="b">M6</subfield>
  </datafield>
  <datafield tag="100" ind1="1" ind2=" ">
    <subfield code="a">Slutsky, Yehuda,</subfield>
    <subfield code="d">1915-1978.</subfield>
  </datafield>
  <datafield tag="245" ind1="1" ind2="3">
    <subfield code="a">ha-Moreh ha-arokh :</subfield>
    <subfield code="b">&#x1E24;averi Yash&#x1E33;ah : Sit Miryam /</subfield>
    <subfield code="c">Yehudah Salu ; &#x2BB;i&#x1E6D;er Ye&#x1E25;ez&#x1E33;el &#x1E32;im&#x1E25;i.</subfield>
  </datafield>
  <datafield tag="260" ind1=" " ind2=" ">
    <subfield code="a">Mer&#x1E25;avyah :</subfield>
    <subfield code="b">Sifriyat po&#x2BB;alim,</subfield>
    <subfield code="c">1965.</subfield>
  </datafield>
  <datafield tag="300" ind1=" " ind2=" ">
    <subfield code="a">352 p. :</subfield>
    <subfield code="b">ill. ;</subfield>
    <subfield code="c">25 cm.</subfield>
  </datafield>
  <datafield tag="490" ind1="1" ind2=" ">
    <subfield code="a">Ne&#x2BB;urim</subfield>
  </datafield>
  <datafield tag="500" ind1=" " ind2=" ">
    <subfield code="a">Imprint on mounted label.</subfield>
  </datafield>
  <datafield tag="500" ind1=" " ind2=" ">
    <subfield code="a">Previous editions of &#x1E24;averi Ysah&#x1E33;ah, published under title:  Me-&#x2BB;Eme&#x1E33; Zevulun &#x2BB;ad yam Kineret</subfield>
  </datafield>
  <datafield tag="740" ind1="0" ind2=" ">
    <subfield code="a">Sit Miryam.</subfield>
  </datafield>
  <datafield tag="740" ind1="0" ind2=" ">
    <subfield code="a">&#x1E24;averi Yash&#x1E33;ah.</subfield>
  </datafield>
  <datafield tag="700" ind1="1" ind2=" ">
    <subfield code="a">Kim&#x1E25;i, Ye&#x1E25;ez&#x1E33;el.</subfield>
  </datafield>
  <datafield tag="752" ind1=" " ind2=" ">
    <subfield code="a">Israel</subfield>
    <subfield code="d">Mer&#x1E25;avyah</subfield>
  </datafield>
  <datafield tag="830" ind1=" " ind2="0">
    <subfield code="a">Sifriyat ne&#x2BB;urim.</subfield>
  </datafield>
  <datafield tag="999" ind1=" " ind2=" ">
    <subfield code="c">31718</subfield>
    <subfield code="d">31718</subfield>
  </datafield>
</record>
